| 000 | 01324nam a2200277 i 4500 | ||
|---|---|---|---|
| 001 | 38852 | ||
| 003 | ES-MaACL | ||
| 005 | 20250703023428.0 | ||
| 007 | t| | ||
| 008 | 030226e1883 sp |||| | spa d | ||
| 080 | _a808.1:82-1 | ||
| 100 | 1 |
_aCampoamor, Ramón de, _d1817-1901 _934232 _eaut |
|
| 245 | 1 | 0 |
_aPoética / _cpor Ramón Campoamor. |
| 260 |
_aMadrid : _bLibrería de Victoriano Suárez, _c1883. |
||
| 300 |
_a142 páginas ; _c20 cm. |
||
| 530 | _aDisponible en formato digital | ||
| 594 | _5Al principio del texto: "Lo principal de este trabajo literario fue leído en el Ateneo de Madrid en la noche del sábado 29 de marzo de 1879 para inaugurar las lecturas en prosa establecidas por aquella corporación" | ||
| 610 | 2 | 4 |
_aAteneo de Madrid- _vConferencias- _yS.XIX. _91910 |
| 650 | 4 |
_aPoética. _916254 |
|
| 852 | 4 |
_aES-MaACL _cDEPO2 _hDonativo Roda _jL-4904 (11-1) _xEnc. en un vol. facticio |
|
| 852 | 4 |
_aES-MaACL _cSPB _gDedicatoria manuscrita del autor a Antonio Aura Boronat _hDonativo de Antonio Aura Boronat _jB-13442 |
|
| 852 | 4 |
_aES-MaACL _jT-700-F-1 _cDEPOF |
|
| 856 | 4 |
_uhttps://www.cervantesvirtual.com/portales/academia_mexicana_de_la_lengua/obra/poetica--1/ _yVersión en línea _z(Biblioteca Virtual Miguel de Cervantes) |
|
| 942 |
_2udc _cMONANT _n0 |
||
| 999 |
_c38852 _d38852 |
||